000 00647nam a2200253Ia 4500
003 OSt
005 20220924153608.0
006 a|||||r|||| 00| 0
007 ta
008 220923b |||||||| |||| 00| 0 tam d
024 _a350894
037 _cTextual
040 _aARTS
_cARTS
_btam
041 _2tam
_atam
082 _aY73(MY65):1.21v, 31P2
100 _aSubramanium Asoka Au.
_9229324
245 0 _aNannai naamarivom
260 _c2002
650 _a CULTURE
650 _a SOCIOLOGY
650 _aARTS
942 _hY73(MY65):1.21v, 31P2
_cTEXL
_2CC
999 _c474179
_d474179